00547nam a2200169Ia 4500008004100000100001900041245007000060245001900130260005900149260000900208300000900217650001800226650001500244856002600259999001900285952007300304170221s9999 xx 000 0 und d aMortuza Ahmmed aImpact of Mass Media in Creating Political Concern in Bangladesh  cMortuza Ahmmed bOnline Journal of Communication and Media Technologies c2012 a10 : xCommunication xMedia Arts uhttp://www.ojcmt.net/ c309070d309070 001040aCLbCLd2017-02-21l0r2017-02-21 00:00:00w2017-02-21yFOJ